Add a Letter, Make It Better Quiz Stats

 Plays Quiz Updated Oct 5, 2018

Challenge
Share
Tweet
Embed
Score 0/20 Timer 05:00
0 Plays Today
☁ 4-Letter Definition ☠ Answer % Correct
To end a creature's lifeKill -- Skill
90.6%
To inhale suddenly out of panic or horrorGasp -- Grasp
89.3%
Corrosion and decay of metalRust --Trust
89.1%
Expires from lifeDies -- Dines
86%
Physical discomfort or sufferingPain -- Paint
80.5%
Delivers false statements to in order to deceiveLies -- Likes
80.4%
A raw or painful place on the bodySore -- Score
79.8%
Violent conflicts between groups or nationsWars -- Warms
76.8%
Deceives or tricks someone into doing/believing somethingCons -- Cones
76.7%
Feeling nauseousSick -- Slick
75.5%
☁ 4-Letter Definition ☠ Answer % Correct
A small arachnid that often sucks blood from animalsTick -- Trick
72.3%
A prolonged agony perhaps of the heart or toothAche -- Cache
70.6%
Uncontrollable, often violent angerRage -- Range
61.6%
A tirade, diatribe complaining about somethingRant -- Grant
59.2%
To stain, dirty, or defile morallySoil -- Spoil
52.1%
To mistreat, abuse or injureHarm -- Charm
48.9%
To cry with extreme intensityWeep -- Sweep
47.5%
To completely demolish, level, destroy a siteRaze -- Craze
41.9%
Gruesome, like a scene of bloodshed, violenceGory -- Glory
38.9%
Cruel, unkind like a bullyMean -- Means
37.4%

You're not logged in!

Compare scores with friends on all Sporcle quizzes.
OR
Log In

You Might Also Like...

Show Comments

Extras

Top Quizzes Today


Score Distribution

Your Account Isn't Verified!

In order to create a playlist on Sporcle, you need to verify the email address you used during registration. Go to your Sporcle Settings to finish the process.

Report this User

Report this user for behavior that violates our Community Guidelines.

Details: